| 000 | 01539cab a2200265 4500 | ||
|---|---|---|---|
| 001 | ABS68828 | ||
| 008 | 050315n2005 000 0 eng u | ||
| 035 | _a(Sirsi) u129050 | ||
| 100 | _aEvans, C. | ||
| 245 | 4 | _aThe investigation and assessment of contaminated land | |
| 260 | _c2005 | ||
| 490 |
_aCivil Engineering Surveyor _vMarch 2005, 43-45(3) |
||
| 520 | _aReviews the processes and techniques necessary for carrying out site investigations and assessments of contaminated land intended for reuse. This area of activity has become increasingly important since the introduction of the Environmental Protection Act 1990 Part IIA and the government drive to construct over 60% of new homes on previously used land. Summarises the assessment phases: site investigation, risk assessment, environmental fate analysis and exposure assessment. Concludes that there will be greater need for more complex information to be collated in future and more investment at the site investigation design stage, particularly as the demands of the landfill directive (Directive 99/31/EC) and waste acceptance criteria come to impact on those involved in the contaminated land industry. | ||
| 590 | _aABS | ||
| 650 | _aCONTAMINATED LAND | ||
| 650 | _aSITE INVESTIGATIONS | ||
| 650 | _aENVIRONMENTAL PROTECTION ACT 1990 PART IIA | ||
| 650 | _aDEVELOPMENT | ||
| 650 | _aNEW HOMES | ||
| 650 | _aRISK ASSESSMENT | ||
| 650 | _aDIRECTIVE 99/31/EC | ||
| 650 | _aBROWNFIELD DEVELOPMENT | ||
| 690 | _aENVIRONMENT-AUDIT/ASSESSMENT | ||
| 942 | _n0 | ||
| 999 |
_c74917 _d74917 |
||